00683nam a2200169Ia 4500008004100000082001600041100001800057245004100075250000800116260003500124300000900159650001700168942001500185952014300200952015500343999001500498150201s2011 xx 000 0 und d a615.1bL01K aKARCH, AMY M. a2001 LIPPINCOTT'S NURSING DURG GUIDE a1ST bLIPPINCOTTaPHILADELPHIAc2011 a1439 aPHARMACOLOGY 2ddccBK02 00102ddc40718NURSINGaFMbFMcREFd2014-07-06eABC DELHIg0.00iSGTUl0o615.1 L01KpFN1654r2015-02-09 00:00:00w2014-07-06yBKk4669 00102ddc40708NURSINGaFMbFMcREFd2014-07-06eABC DELHIg0.00iSGTUl2o615.1 L01KpFN1655r2024-10-10 00:00:00s2024-09-16w2014-07-06yBKk4669 c2238d2238